Top 10 Città più popolose Provincia di Grosseto - Statistics

Statistiche generali
  • Questo quiz è stato fatto 24 volte
  • Il punteggio medio è 4 su 10
Statistiche sulle risposte
Popolazione (ab.) Città % Corretto
81 735 Grosseto
100%
21 737 Follonica
70%
14 915 Orbetello
65%
7 370 Castiglione della Pescaia
50%
12 852 Monte Argentario
35%
8 723 Gavorrano
30%
7 377 Manciano
30%
8 573 Massa Marittima
25%
4 707 Castel del Piano
15%
9 248 Roccastrada
10%
Nessun quiz corrispondente trovato
Distribuzione punteggi
Percentuale di utenti per punteggio
Percentile per numero di risposta
I tuoi punteggi nel tempo
Non hai fatto questo quiz